Sto pięćdziesiąt kilo dobroci

Bibliographic Details
Main Author: Gibała, Maria (Author)
Format: Book
Language:Polish
PhysicalDescription:96 s. fotografie 21 cm
Published: Kraków Wydawnictwo i Drukarnia Towarzystwa Słowaków w Polsce 2016
ISBN:9788374909365
Edition:Wydanie 1.
Subjects:

MARC

LEADER 00000cam a2200000 a 4500
001 vtls011624662
003 SK-MaSNL
005 20260302093026.0
008 240318s2016 pl o e 000 p pol
015 |a SNBZSA2017/07 
020 |a 9788374909365  |q (brožované) 
035 |a urn:nbn:sk:snk-am00cz56 
035 |a urn:nbn:sk:snk-am3hg52 
035 |a 79EFB2FA-9AA5-4C96-8880-9A9235AAFAF6 
040 |a SNK  |b slo  |c SNK  |e AACR2 
041 0 |a pol 
044 |a pl  |c PL 
072 7 |a 821.162.1  |x Poľská literatúra  |2 konspekt 
080 |a 82-1  |2 2011 
080 |a 821.162.1-1  |2 2011 
100 1 |a Gibała, Maria  |4 aut  |9 763386 
245 1 0 |a Sto pięćdziesiąt kilo dobroci  |c Maria Gibała 
246 3 |a 150 kilo doroci 
250 |a Wydanie 1. 
260 |a Kraków  |b Wydawnictwo i Drukarnia Towarzystwa Słowaków w Polsce  |c 2016 
300 |a 96 s.  |b fotografie  |c 21 cm 
650 0 7 |a básne  |2 SNKPH  |9 1275 
650 0 7 |a Poems  |2 SNKPHeng  |9 426377 
655 7 |a poľská poézia  |2 SNKPH  |9 70590 
655 7 |a Polish poetry  |2 SNKPHeng  |9 331284 
919 |a 978-83-7490-936-5 
958 |a LX 
958 |a PL 
999 |c 1207159  |d 1209089 
952 |a SNK  |b SNK  |y VYP  |7 0  |p 17A1258735  |o snkSC 174604 D1  |i snk2017/11848  |8 2  |g 4.72  |0 0  |1 0  |4 0  |d 2017-04-28  |l 0  |r 2026-02-24 23:01:35  |w 2026-02-24 
952 |a SNK  |b SNK  |y PREZ  |7 0  |p 17A1258802  |o snkSC 174604  |i snk2017/11057  |8 2  |g 4.72  |0 0  |1 0  |4 0  |d 2017-04-20  |f 1  |l 0  |r 2025-09-16 00:00:00  |w 2026-02-24